Hamilton Lyrics Sort #33 - I Know Him - Statistics

General Stats
  • This quiz has been taken 36 times
  • The average score is 12 of 21
Answer Stats
Hint Answer % Correct
Line 1 They say George Washington's yielding his power and stepping away
95%
Line 6 If so, who's next?
74%
Line 2 Is that true?
68%
Line 3 I wasn't aware that was something a person could do
68%
Line 7 There's nobody else in their country who looms quite as large
68%
Line 11 All those years ago, what was it, '85?
63%
Line 5 Are they going to keep on replacing whoever's in charge?
63%
Line 9 I know him, that can't be
58%
Line 4 I'm perplexed
58%
Line 17 Jesus Christ, this will be fun
58%
Line 8 John Adams?
58%
Line 14 Next to Washington, they all look small
58%
Line 13 Oceans rise, empires fall
58%
Line 12 That poor man, they're going to eat him alive
58%
Line 10 That's that little guy who spoke to me
58%
Line 21 Good luck!
53%
Line 20 "President" John Adams
53%
Line 16 They will tear each other into pieces
53%
Line 15 All along, watch them run
47%
Line 18 Da-da-da, dat-da, dat, da-da-da, da-ya-da
42%
Line 19 Da-da, dat, dat, da-ya-da
37%
No matching quizzes found
Score Distribution
Percent of People with Each Score
Percentile by Number Answered
Your Score History
You have not taken this quiz